000 00802nam a2200229 i 4500
001 C2-0307748
003 PPAK
005 20180728094456.0
008 110323s2009 my |||| ||||| | may d
040 _aPPAK
_beng
_cPPAK
_erda
082 0 4 _a300.9595
_223
090 0 0 _a300.9595
_bSEM
_dKK
100 0 _aAhmad Murad Merican,
_cProf. Dr.
_eauthor
245 1 0 _aIlmu kolonial dan minda tertawan dalam sejarah intelektual melayu
264 1 _aKuala Lumpur :
_bDewan Bahasa dan Pustaka ,
_c2009
300 _a12 pages ;
_c30 cm
336 _2rdacontent
_atext
337 _2rdamedia
_aunmediated
338 _2rdacarrier
_avolume
500 _aKertas Kerja Seminar Antarabangsa Legasi Pemikiran Syed Hussein Al Atas 4-5 Ogos 2009 di Dewan Seminar, Aras 2, Menara DBP, Kuala Lumpur.
942 _ddc
_cB
999 _c110448
_d110448